000 01035nas a2200253Ia 4500
001 R706/49430
003 IT-RoPAU
008 151124c99999999xx |||||||||||| ||und||
040 _aIT-RoPAU
040 _cIT-RoPAU
041 _aITALIANO
100 _aManetti Giovanni
_gCodice Aut. SPICS: 4263
210 _aVERSUS
222 _aVersus
245 _aVERSUS, N.025 (GENNAIO/APRILE 1980)
_bReady-Made: Semantica E Pragmatica Dell'Umorismo Dadaista E Surrealista
250 _a1a ed.
260 _aMILANO
_bBOMPIANI
_c1980
501 _bPaulus - SPICS - Società San Paolo EM (non-commercial uses only)
_cCopyright2015
300 _a22 p. [65-86]
362 _aN.025 (GENNAIO/APRILE 1980)
500 _aReady Made e Tradizione. Produttore/Fruitore. Ipocodifica/Ipercodifica. Processo di Produzione Segnica nel Ready Made. Dal Ready Made Come Mezzo al Ready Made Come Struttura. Contesto. Pragmatica della Fruizione e Presupposizioni. Ready Made Rettificato.
650 _aSEMIOTICA
_vPUBBLICAZIONE PERIODICA
942 _cCR
999 _c189336
_d189336